| 000 | 00890nam a2200241 a 4500 | ||
|---|---|---|---|
| 005 | 20200104041556.0 | ||
| 008 | 140318b2005 ck a gr|||| 00| 0 spa d | ||
| 040 |
_aCO-BoIAVH _cCO-BoIAVH |
||
| 041 | _aspa | ||
| 044 | _ack | ||
| 082 | 4 |
_a333.72 _bW66e |
|
| 100 | 1 |
_aWild , Cathryn _922673 |
|
| 245 | 1 |
_aSistema regional de áreas protegidas del Eje Cafetero _bpor la preservación de la diversidad biológica y cultural de la región |
|
| 260 |
_aQuindío _bCORTOLIMA _bWFN _bMACARTHUR _bCRQ _bRed de Reservas Naturales de la Sociedad Civil _bWWF _bInstituto Alexander von Humboldt _c2005 |
||
| 300 |
_a19 paginas.: _bilustraciones; _c28 x 21 |
||
| 650 | 4 |
_aConservación _955737 |
|
| 650 | 4 |
_aDesarrollo sostenible _9278 |
|
| 650 | 4 |
_aPatrimonio natural _9902 |
|
| 700 | 1 |
_aKattán K., Gustavo _922674 |
|
| 700 | 1 |
_aValderrama A., Carlos _94155 |
|
| 942 |
_cLIBRO _2ddc |
||
| 945 | _d2006-01-16 | ||
| 999 |
_c5169 _d5169 |
||